Sathya Sai Speaks/ (Record no. 207327)

MARC details
000 -LEADER
fixed length control field 00761nam a22002417a 4500
005 - DATE AND TIME OF LATEST TRANSACTION
control field 20241202164057.0
010 ## - LCCN (DPL NO)
LC control number ENG-142760 EN-142759
020 ## - INTERNATIONAL STANDARD BOOK NUMBER
Terms of availability 75.00
International Standard Book Number 9789350693781
020 ## - INTERNATIONAL STANDARD BOOK NUMBER
Terms of availability 105.00
International Standard Book Number 9789350693988
035 ## - SYSTEM CONTROL NUMBER
System control number EN-126292
035 ## - SYSTEM CONTROL NUMBER
System control number EN-126291
037 ## - SOURCE OF ACQUISITION
Source of stock number/acquisition DBAD
082 ## - DEWEY DECIMAL CLASSIFICATION NUMBER
Classification number 230.51
100 ## - MAIN ENTRY--PERSONAL NAME
Personal name Sri Sathya Sai Sadhana Trust
245 ## - TITLE STATEMENT
Title Sathya Sai Speaks/
Statement of responsibility, etc by Sri Sathya Sai Sadhana Trust
250 ## - EDITION STATEMENT
Edition statement 1
260 ## - PUBLICATION, DISTRIBUTION, ETC. (IMPRINT)
Place of publication, distribution, etc Andhra Pradesh
Name of publisher, distributor, etc Sri Sathya sai Sadhana Trust
Date of publication, distribution, etc 2019
270 ## - ADDRESS
City Prasanthi Nilayam
Address Anantapur Distric
Postal code 515134
Electronic mail address orders@sssbpt.org
Telephone number 011-287375
Fax number 287236
300 ## - PHYSICAL DESCRIPTION
Extent 146p.
Dimensions 22cm(pb)
300 ## - PHYSICAL DESCRIPTION
Extent 214p.
Dimensions 22cm(pb)
490 ## - SERIES STATEMENT
Series statement Part 1, Part 2
Volume number/sequential designation Vol 14
942 ## - ADDED ENTRY ELEMENTS (KOHA)
Source of classification or shelving scheme Dewey Decimal Classification
Item type English Books
Classification part 230.51
Call number suffix SAT
Holdings
Withdrawn status Lost status Materials specified (bound volume or other part) Not for loan Collection code Home library Current library Date acquired Source of acquisition Cost, normal purchase price Full call number Barcode Copy number Cost, replacement price Koha item type
    Part 1   Non-fiction Ashok Vihar Ashok Vihar 02/12/2024 Delivery of Books Act Division 75.00 230.51 SAT EN-126292 1 75.00 English Books
    Part 2   Non-fiction Ashok Vihar Ashok Vihar 02/12/2024 Delivery of Books Act Division 105.00 230.51 SAT EN-126291 1 105.00 English Books

© Delhi Public Library
Hit Counter
free hit counter